000 00230 a2200097 4500
001 15169
100 _aDarling H.A
245 _aA course of elementary workshop drawing
260 _aLondon
_bBlackie son
_c
090 _c11913
_d11913
942 _aNUST-CAE
_cM
_c2129
999 _c250242
_d250242